000
00199 a2200109 4500
020
_a
9788426131577
041
_a
spa
100
_a
Cannon, Janell
245
_a
Stelaluna
942
_c
BK
952
_7
1
999
_c
19765
_d
19765